Statistiques concernant Quizz Athlétisme 1

Cliquez ici pour prendre le quiz!

Statistiques générales

  • Ce quiz a été pris 260 fois
  • Le résultat moyen est 4 sur 10

Statistiques - réponses

QuestionRéponse% Correct
Quel nombre de points à inscrit Kevin Mayer lors de son record du monde du décathlon ?9126
68%
Dans quel pays se sont déroulés les jeux olympiques en 2000 ?Australie
68%
Combien d'athlètes français en activités ont un record sur 100m inférieur à 10s ?2
59%
Combien de titres olympiques a glané Usain Bolt ?8
52%
Quel est le record de France du saut en hauteur masculin ?2m34
43%
Dans quel pays est né Mo Farah ?Somalie
37%
Dans quel championnat Teddy Tangho n'a jamais été titré ?Championnat d'Europe
35%
Quel est la taille de l'actuel vice championne du monde du 400, Shaunae Miller Uibo ?1m85
31%
Combien de record du monde détient Joshua Cheptegei ?3
28%
Quel pays représente l'actuel champion du monde du 400m ?Bahamas
26%

Distribution des résultats

Percentile par nombre de réponses

% des personnes avec chaque résultat

Votre développement - résultats

Vous n’avez pas pris ce quiz